| 000 -ლიდერი |
| ფიქსირებული სიგრძის საკონტროლო ველი |
02983nam a22003017a 4500 |
| 003 - საკონტროლო ნომრის იდენტიფიკატორი |
| საკონტროლო ველი |
Ge_BSU |
| 005 - ბოლო ოპერაციის თარიღი და დრო |
| საკონტროლო ველი |
20220624114831.0 |
| 008 - ფიქსირებული სიგრძის მონაცემთა ელემენტები - ზოგადი ინფორმაცია |
| ფიქსირებული სიგრძის საკონტროლო ველი |
220624s2020 ge ||||| |||| 00| 0 geo d |
| 020 ## - წიგნის საერთაშორისო სტანდარტული ნომერი |
| International Standard Book Number |
9789941479540 |
| 041 ## - ენის კოდი |
| Language code of text/sound track or separate title |
geo |
| 080 ## - უნივერსალური ათობითი კლასიფიკაციის ინდექსი |
| Universal Decimal Classification number |
008+1(430)(092) ბ-48 |
| 100 ## - მთავარი ჩანაწერი - პიროვნების სახელი |
| Personal name |
ბენიამინი, ვალტერ |
| 9 (RLIN) |
12209 |
| 245 ## - ცნობა სათაურის შესახებ |
| Title |
თეოლოგიურ-პოლიტიკური ფრაგმენტი = Theological-Political Fragment / ვალტერ ბენიამინი. განაზრებანი ვალტერ ბენიამინის პოლიტიკურ თეოლოგიაზე = Reflections on Walter Benjamin's Political Theologhy / |
| Statement of responsibility, etc |
თენგიზ ირემაძე. ფილოსოფოსის პასუხისმგებლობა თანამედროვე სამყაროში = The Responsibility of the Philosopher in Today's World / გაბრიელ მარსელი ; რედაქტორ-გამომცემლები: თენგიზ ირემაძე, ჰელმუტ შნაიდერი ; ყდის დიზაინი და დაკაბადონება გიორგი ბაგრატიონი ; ახალი საქართველოს უნივერსიტეტი, კავკასიური ფილოსოფიისა და თეოლოგიის სამეცნიერო-კვლევითი არქივი. |
| 250 ## - გამოცემის ცნობა |
| Edition statement |
პირველი გამოცემა |
| 264 ## - წარმოების, გამოცემის, დისტრიბუციის და სხვა ცნობები |
| გამოცემის, წარმოების, დისტრიბუციის... ადგილი |
თბილისი : |
| გამოცემის, წარმოების, დისტრიბუციის... სახელწოდება |
ნეკერი, |
| გამოცემის, წარმოების, დისტრიბუციის... თარიღი |
2020. |
| 300 ## - ფიზიკური აღწერა |
| Extent |
68 გვ. ; |
| Other physical details |
14,5 სმ. |
| 490 ## - სერიის ცნობა |
| Series statement |
აღმოსავლეთი და დასავლეთი - კულტურათა დიალოგი = East and West - Dialogue between the Cultures, 2298-0407 |
| Volume number/sequential designation |
ტომი 11 |
| 501 ## - შენიშვნა თანმხლებ მასალაზე |
| With note |
სახელთა საძიებელი: გვ. 64. |
| 504 ## - BIBLIOGRAPHY, ETC. NOTE |
| Bibliography, etc |
ბიბლიოგრაფია: გვ. 62-63. |
| 653 ## - INDEX TERM--UNCONTROLLED |
| Uncontrolled term |
თეოლოგია |
| 653 ## - INDEX TERM--UNCONTROLLED |
| Uncontrolled term |
ფილოსოფია |
| 700 ## - ADDED ENTRY--PERSONAL NAME |
| Personal name |
ირემაძე, თენგიზ |
| Relator term |
ავტორი, სამეცნიერო რედაქტორი |
| 9 (RLIN) |
2229 |
| 700 ## - ADDED ENTRY--PERSONAL NAME |
| Personal name |
მარსელი, გაბრიელ, |
| Relator term |
ავტორი |
| 9 (RLIN) |
14224 |
| 700 ## - ADDED ENTRY--PERSONAL NAME |
| Personal name |
შნაიდერი, ჰელმუტ |
| Relator term |
სამეცნიერო რედაქტორი |
| 9 (RLIN) |
14225 |
| 700 ## - ADDED ENTRY--PERSONAL NAME |
| Personal name |
ბაგრატიონი, გიორგი |
| Relator term |
ყდის დიზაინერი |
| 9 (RLIN) |
14226 |
| 710 ## - ADDED ENTRY--CORPORATE NAME |
| Corporate name or jurisdiction name as entry element |
ახალი საქართველოს უნივერსიტეტი. |
| Subordinate unit |
კავკასიური ფილოსოფიისა და თეოლოგიის სამეცნიერო-კვლევითი არქივი.აღმოსავლეთ |
| 9 (RLIN) |
14227 |
| 942 ## - ADDED ENTRY ELEMENTS (KOHA) |
| Source of classification or shelving scheme |
|
| Koha item type |
წიგნი |